Tolkien - Song of Durin Quiz - Statistics

General Stats
  • This quiz has been taken 43 times
  • The average score is 212 of 291
Answer Stats
Answer % Correct
Durin
100%
the
94%
a
89%
in
89%
on
89%
dark
83%
Durin's
83%
green
83%
mountains
83%
no
83%
of
83%
star
83%
there
83%
was
83%
who
83%
world
83%
young
83%
again
78%
alone
78%
and
78%
appear
78%
as
78%
crown
78%
darkness
78%
day
78%
deep
78%
dwells
78%
fall
78%
falls
78%
from
78%
grey
78%
halls
78%
hammer
78%
harp
78%
he
78%
his
78%
is
78%
king
78%
light
78%
looked
78%
Mirrormere
78%
moon
78%
Moria
78%
old
78%
saw
78%
seen
78%
silver
78%
sleep
78%
stain
78%
stars
78%
sun
78%
till
78%
tomb
78%
upon
78%
wakes
78%
walked
78%
water
78%
when
78%
woke
78%
before
72%
but
72%
by
72%
gems
72%
Gondolin
72%
have
72%
head
72%
Khazad-dum
72%
kings
72%
lies
72%
named
72%
Nargothrond
72%
now
72%
still
72%
stone
72%
throne
72%
windless
72%
wrung
72%
yet
72%
above
67%
ashen
67%
away
67%
beyond
67%
bright
67%
carven
67%
cold
67%
days
67%
drank
67%
fair
67%
fire
67%
hills
67%
laid
67%
like
67%
many
67%
nameless
67%
night
67%
passed
67%
pillared
67%
seas
67%
shadow
67%
shining
67%
stream
67%
sunken
67%
thread
67%
untasted
67%
wells
67%
with
67%
beneath
61%
crystal
61%
door
61%
elder
61%
floor
61%
forever
61%
forges
61%
golden
61%
hewn
61%
mighty
61%
or
61%
power
61%
roof
61%
runes
61%
shade
61%
shone
61%
tall
61%
western
61%
word
61%
anvil
56%
dells
56%
lamps
56%
music
56%
smote
56%
stooped
56%
sword
56%
cloud
50%
delver
50%
harped
50%
harpers
50%
sang
50%
undimmed
50%
were
50%
wrote
50%
wrought
50%
at
44%
axe
44%
blade
44%
built
44%
fishes
44%
graver
44%
hilt
44%
hoard
44%
mail
44%
mason
44%
metal
44%
mined
44%
minstrels
44%
opal
44%
pale
44%
pearl
44%
rang
44%
spears
44%
then
44%
beryl
39%
bound
39%
chisel
39%
corslet
39%
folk
39%
forged
39%
gates
39%
trumpets
39%
buckler
33%
clove
33%
unwearied
33%
No matching quizzes found
Score Distribution
Percent of People with Each Score
Percentile by Number Answered
Your Score History
You have not taken this quiz